La philosophie au moyen age de Scot Érigène à G. d'Occam /

محفوظ في:

المؤلف الرئيسي: Gilson, Étienne, 1884-1978.

التنسيق: كتاب

اللغة: French

منشور في: Paris : Payot, 1930.

سلاسل: Collection Payot.

الموضوعات:

الوسوم: إضافة وسم

لا توجد وسوم, كن أول من يضع وسما على هذه التسجيلة!

رقم الطلب: B721 .G5 1930

LEADER 00838cam a2200277Ii 4500
001 ocm02174045
003 OSt
005 20250914094213.0
008 141012t19301925fr b 001 0 fre d
035 |a (OCoLC)2174045 
040 |c ARCE Library 
050 4 |a B721 .G5 1930 
100 1 |a Gilson, Étienne,  |d 1884-1978. 
245 1 3 |a La philosophie au moyen age de Scot Érigène à G. d'Occam /  |c Étienne Gilson. 
264 1 |a Paris :  |b Payot,  |c 1930.  
264 4 |c ©1925.  
300 |a 318 pages ;  |c 16 cm. 
490 1 |a Collection Payot. 
504 |a Includes bibligraphical references and index. 
541 |a From the personal library collection of Mahmoud Saba. 
650 0 |a Philosophy, Medieval. 
650 0 |a Philosophers, Medieval. 
830 0 |a Collection Payot. 
901 |a reviewed 
942 |2 lcc  |c BK 
999 |c 59062  |d 59062